<?xml version="1.0" encoding="UTF-8"?>
<collection xmlns="http://www.loc.gov/MARC21/slim">
<record>
  <controlfield tag="001">257221</controlfield>
  <controlfield tag="005">20260412040123.0</controlfield>
  <datafield tag="035" ind1=" " ind2=" ">
    <subfield code="a">G:(GEPRIS)568404408</subfield>
  </datafield>
  <datafield tag="024" ind1="7" ind2=" ">
    <subfield code="a">G:(GEPRIS)568404408</subfield>
    <subfield code="d">568404408</subfield>
  </datafield>
  <datafield tag="040" ind1=" " ind2=" ">
    <subfield code="a">GEPRIS</subfield>
    <subfield code="c">http://gepris.its.kfa-juelich.de</subfield>
  </datafield>
  <datafield tag="150" ind1=" " ind2=" ">
    <subfield code="a">Untersuchung der Frage, wie Endozytose und Autophagie gemeinsam zum Überleben und zur Entwicklung von Pflanzen beitragen.</subfield>
    <subfield code="y">2026 -</subfield>
  </datafield>
  <datafield tag="371" ind1=" " ind2=" ">
    <subfield code="a">Professor Yasin Dagdas, Ph.D.</subfield>
  </datafield>
  <datafield tag="450" ind1=" " ind2=" ">
    <subfield code="a">DFG project G:(GEPRIS)568404408</subfield>
    <subfield code="w">d</subfield>
    <subfield code="y">2026 -</subfield>
  </datafield>
  <datafield tag="510" ind1="1" ind2=" ">
    <subfield code="a">Deutsche Forschungsgemeinschaft</subfield>
    <subfield code="0">I:(DE-588b)2007744-0</subfield>
    <subfield code="b">DFG</subfield>
  </datafield>
  <datafield tag="680" ind1=" " ind2=" ">
    <subfield code="a">Die Vernetzung des pflanzlichen Endomembransystems ermöglicht mehrere parallele Transportwege zur Sicherung der Homöostase von Membranproteinen. In diesem Projekt soll das Zusammenspiel zwischen zwei Transportwegen untersucht werden, die Proteine über die Vakuolen abbauen: Endozytose und Autophagie. Das Projekt geht von der Beobachtung aus, dass eine Mutante, die in der Endozytose beeinträchtigt ist, synthetisch tödlich ist, wenn sie mit einer Mutante kombiniert wird, die in der Autophagie beeinträchtigt ist. Dies führte zu der Hypothese, dass der gestörte autophagische Abbau von Membranproteinen diese Proteine an der Plasmamembran ablagert, wo sie zu Zielen der Endozytose werden. Eine Beeinträchtigung der Endozytose bei fehlender Autophagie führt folglich nicht zur Wiederherstellung der Homöostase und wirkt sich nachteilig auf die Pflanzenentwicklung aus. Das übergeordnete Ziel dieses Projekts besteht darin, diese Hypothese in Frage zu stellen. Dies wird durch die Erforschung der synthetischen Letalität entsprechend der Expertise der beiden Gastlabors erreicht. Wir werden auch die Natur der synthetischen Letalität aus einer proteomweiten Perspektive angehen und eine Reihe von Proteinen, die aus unseren proteomischen Ansätzen hervorgehen, funktionell charakterisieren. Unsere Ergebnisse werden unser Verständnis darüber erweitern, wie endozytärer und autophagischer Abbau miteinander verbunden sind und inwieweit dieses Zusammenspiel den Verlust eines der beiden Wege kompensiert. Das Projekt stützt sich auf die Kernkompetenzen der beiden Gastlabors und wird in hohem Maße von den Synergien profitieren, die sich aus den verschiedenen Ansätzen ergeben werden.</subfield>
  </datafield>
  <datafield tag="909" ind1="C" ind2="O">
    <subfield code="o">oai:juser.fz-juelich.de:1056122</subfield>
    <subfield code="p">authority:GRANT</subfield>
    <subfield code="p">authority</subfield>
  </datafield>
  <datafield tag="980" ind1=" " ind2=" ">
    <subfield code="a">G</subfield>
  </datafield>
  <datafield tag="980" ind1=" " ind2=" ">
    <subfield code="a">AUTHORITY</subfield>
  </datafield>
  <datafield tag="909" ind1="C" ind2="O">
    <subfield code="o">oai:juser.fz-juelich.de:1056122</subfield>
  </datafield>
</record>
</collection>